| 000 | 00460nam a2200181Ia 4500 | ||
|---|---|---|---|
| 999 |
_c51101 _d51101 |
||
| 003 | 0100 | ||
| 005 | 20190110112754.0 | ||
| 008 | 130303s9999 xx 000 0 und d | ||
| 040 | _cARRUPELIB | ||
| 050 | _aCC100.M313 1967 | ||
| 100 |
_aMarek, Kurt W. _943952 |
||
| 245 |
_aGods, graves, and scholars _bthe story of archaeology _cKurt W.Marek and C.W. Ceram |
||
| 260 |
_aLondon _bSidgwick and Jackson _c1952 |
||
| 300 |
_axii, 433p. ; _c22cm. |
||
| 700 |
_aby C.W. Ceram (pseud.), tr. by E.B. Garside _943954 |
||
| 942 |
_2lcc _cMONOGRAPH |
||